• 首页
  • 本馆介绍
  • 公告通知
  • 最新文献
  • 馆藏检索
  • 电子资源
  • 读者导购
  • 参考咨询
  • 我的图书馆
  • 登录
  • 详细信息显示
  • 放入我的书架
  • 预约/预借图书
  • 作者相关作品
  • 分类相关作品
  • 丛书相关作品
  • 出版社相关作品

书目信息

  • 表格格式
  • 工作单格式
  • 卡片格式
题名:
中国常用成语典故名言故事源流辞书
    
 
作者: 大力
分册: 下  
出版信息: 哈尔滨   黑龙江省出版总社  31168
页数: 612页
开本: 20cm
丛书名:
单 册:
中图分类: Z32 , I136.3
科图分类:
主题词: 戏剧文学--作品集--世界
电子资源:
ISBN:
000 00587nam0 2200193 450
001 1558008498
005 20150128080558.57
010    @dCNY8.00
100    @a20070819d km y0chiy0120 ea
101 0  @achi
200 1  @a中国常用成语典故名言故事源流辞书@Azhong guo chang yong cheng yu dian gu ming yan gu shi yuan liu ci shu@h下@f大力等@Fda li deng
210    @a哈尔滨@c黑龙江省出版总社@d31168
215    @a612页@d20cm
606 0  @a戏剧文学@x作品集@x世界
690    @aZ32@v3
690    @aI136.3@v4
701  0 @a大力@Ada li
801  0 @aCN@bTSSF@c20150128
905    @aZUCC@dI136.3@eJY56:3@f1
    
    中国常用成语典故名言故事源流辞书.下/大力等.-哈尔滨:黑龙江省出版总社,31168
    612页;20cm
    
    
    ISBN :CNY8.00
    
●
相关链接 在E读中查询图书 在五车中查询图书 在当当中查询图书 在豆瓣中查询图书


正题名:中国常用成语典故名言故事源流辞书     索取号:I136.3/JY56:3         预约/预借

序号 登录号 条形码 馆藏地/架位号 状态 备注
1 7850535   278505351   学院路分馆/ [索取号:I136.3/JY56:3] 在馆    
唐山师范学院图书馆 欢迎您!
大连网信软件有限公司© 版权所有